Gandhi Level 2
This biography is about Mahatma Gandhi - one of the most important and influential people of the twentieth century. He fought for change in South Africa and then at home in India. His message of peaceful resistance changed the world.
সংরক্ষণ করুন:
| প্রধান লেখক: | |
|---|---|
| অন্যান্য লেখক: | , |
| বিন্যাস: | গ্রন্থ |
| ভাষা: | Vietnamese |
| প্রকাশিত: |
England
Pearson Education Limited
2008
|
| বিষয়গুলি: | |
| ট্যাগগুলো: |
ট্যাগ যুক্ত করুন
কোনো ট্যাগ নেই, প্রথমজন হিসাবে ট্যাগ করুন!
|
| Thư viện lưu trữ: | Thư viện Trường Đại học Nam Cần Thơ |
|---|
| LEADER | 01029nam a22002177a 4500 | ||
|---|---|---|---|
| 001 | NCT_4_008237 | ||
| 008 | 240529b xxu||||| |||| 00| 0 vie d | ||
| 999 | |c 8344 |d 8344 | ||
| 020 | |a 9781405876933 | ||
| 082 | 0 | 4 | |2 23rd ed. |a 428 |b R263 |
| 100 | 1 | |a Rollason, Jane | |
| 245 | 1 | 0 | |a Gandhi |b Level 2 |c Jane Rollason; Andy Hopkins, Jocelyn Potter (Series editor) |
| 260 | |a England |b Pearson Education Limited |c 2008 | ||
| 300 | |a iv, 27 p. |b ill. |c 20 cm | ||
| 520 | 3 | |a This biography is about Mahatma Gandhi - one of the most important and influential people of the twentieth century. He fought for change in South Africa and then at home in India. His message of peaceful resistance changed the world. | |
| 653 | |a Tham khảo | ||
| 700 | 1 | |a Hopkins, Andy |e Series editor | |
| 700 | 1 | |a Potter, Jocelyn |e Series editor | |
| 942 | |2 ddc |c BK | ||
| 952 | |0 0 |1 0 |2 ddc |4 0 |6 428_000000000000000_R263 |7 0 |9 28903 |a 000001 |b 000001 |d 2024-05-29 |o 428 R263 |p TK.01035 |r 2024-05-29 |w 2024-05-29 |y BK | ||
| 980 | |a Thư viện Trường Đại học Nam Cần Thơ | ||


